| 000 | 00739nam a2200253 a 4500 | ||
|---|---|---|---|
| 999 |
_c764 _d764 |
||
| 008 | 191028r19802012ii a|||g |||| 001 0 eng d | ||
| 020 |
_a9780074603376 _cRs. 450.00 |
||
| 040 |
_aKO _beng |
||
| 041 | 0 | _aeng | |
| 044 | _aii | ||
| 082 | 0 | 4 |
_223 _a604.2 _bSi138 |
| 100 | 1 | _aSidheswar, N. | |
| 245 | 1 | 0 |
_aMachine Drawing / _cN. Sidheswar, P. Kannaiah, V. V. S. Sastry |
| 260 |
_aNew Delhi : _bTata McGraw Hill Education Private Limited, _c1980, reprinted 2012 |
||
| 300 |
_axvi, 270 p. : _bill. ; _c23 cm. |
||
| 504 | _aIncludes index. | ||
| 650 | 0 |
_aMechanical drawing _vTextbooks |
|
| 650 | 0 |
_aProjection _vTextbooks |
|
| 700 | 1 |
_aKannaiah, P. _eaut |
|
| 700 | 1 |
_aSastry, V. V. S. _eaut |
|
| 904 | _aS_JOY | ||
| 942 | _cBK | ||